Augusztus 28-ig tart nyitva, szabadtéris belépővel ingyen megtekinthető a táblaképek tárlata

Elmentve itt :
Bibliográfiai részletek
További közreműködők: Szabó Luca
Dokumentumtípus: Cikk
Megjelent: 2022-07-27
Sorozat:SZTE Info
Kulcsszavak:Kiállítás - kortárs képzőművészeti - Táblaképfestészeti Biennálé - 19., Kiállításmegnyitó, Regionális Összművészeti Központ - REÖK, Nátyi Róbert - dékán - REÖK vezető kurátora, Bartók Béla Művészeti Kar - BBMK, Volt oktató - Sinkó János - festőművész, Volt oktató - Nagy Gábor - festőművész
Online Access:http://univ.bibl.u-szeged.hu/63227
LEADER 01084nab a2200169 i 4500
001 univ63227
005 20220825101836.0
008 220825s2022 hu o 0|| hun d
040 |a SZTE UnivHistória Repozitórium  |b hun 
041 |a hun 
245 0 0 |a Augusztus 28-ig tart nyitva, szabadtéris belépővel ingyen megtekinthető a táblaképek tárlata  |h [elektronikus dokumentum] 
260 |c 2022-07-27 
490 0 |a SZTE Info 
561 |a Egyetemi hirarchívum 
695 |a Kiállítás - kortárs képzőművészeti - Táblaképfestészeti Biennálé - 19., Kiállításmegnyitó, Regionális Összművészeti Központ - REÖK, Nátyi Róbert - dékán - REÖK vezető kurátora, Bartók Béla Művészeti Kar - BBMK, Volt oktató - Sinkó János - festőművész, Volt oktató - Nagy Gábor - festőművész 
700 0 1 |a Szabó Luca 
856 4 0 |u http://univ.bibl.u-szeged.hu/63227/1/Szegedi%20Tudom%C3%A1nyegyetem%20_%20Augusztus%2028-ig%20tart%20nyitva%2C%20szabadt%C3%A9ris%20bel%C3%A9p%C5%91vel%20ingyen%20megtekinthet%C5%91%20a%20t%C3%A1blak%C3%A9pek%20t%C3%A1rlata.pdf  |z Dokumentum-elérés